Bilecik Bilecik Bilecik Bilecik Bilecik

A dictionary of modern American usage/ (Record no. 4651)

MARC details
000 -BAŞLIK
Sabit Uzunluktaki Kontrol Alanı 01663nam a22003137a 4500
001 - KONTROL NUMARASI
Control Dosyası 0004669
003 - KONTROL NUMARASI KİMLİĞİ
Kontrol Alanı KOHA_MİRAKIL
005 - EN SON İŞLEM TARİHİ ve ZAMANI
Kontrol Alanı 20260207001421.0
007 - FİZİKSEL TANIM SABİT ALAN - GENEL BİLGİ
Sabit uzunluklu kontrol alanı ta
008 - SABİT UZUNLUKTAKİ VERİ ÖGELERİ - GENEL BİLGİ
Sabit Alan 090506b1998 us |||gr||||#0|||1|eng |
020 ## - ISBN - ULUSLARARASI STANDART KİTAP NUMARASI
Isbn 0195078535
Nitelik bilgileri (acid-free paper)
040 ## - KATALOGLAMA KAYNAĞI
Özgün Kataloglama Kurumu TR-BiSEU
Kataloglama Dili tur
Çeviri Kurumu TR-BiSEU
Açıklama Kuralları rda
041 0# - DİL KODU
Metin ya da ses kaydının dil kodu eng
044 ## - YAYINLAYAN/ÜRETEN KURULUŞUN ÜLKE KODU
ISO country code us
050 ## - SINIFLAMA ve YER NUMARASI
Sınıflama Numarası PE2827
Yer Numarası .G37 1998
100 1# - KİŞİ ADI
Yazar Adı (Kişi adı) Garner, Bryan A..
245 12 - ESER ADI BİLDİRİMİ
Başlık A dictionary of modern American usage/
Sorumluluk Bildirimi Bryan A. Garner ; Bryan A. Garner.
264 #1 - ÜRERİM, YAYIN, DAĞITIM ve TELİF BİLDİRİMİ
Yayın yeri New York :
Yayınlayan Oxford University Press
Yayın tarihi 1998
300 ## - FİZİKSEL TANIMLAMA
Sayfa, Cilt vb. xxvi, 723 sayfa
336 ## - İÇERİK TÜRÜ
Content type term metin
Content type code txt
Source rdacontent
337 ## - MEDYA TÜRÜ
Media type term aracısız
Media type code n
Source rdamedia
338 ## - TAŞIYICI TÜRÜ
Carrier type term cilt
Carrier type code nc
Source rdacarrier
500 ## - GENEL NOT
Genel Not Includes bibliographical references.
500 ## - GENEL NOT
Genel Not "This wonderfully written work aims to help people use language so they will use the right words to say what they mean. Garner relies on modern sources rather than historical precedent to determine the current, correct usage. He even advises writers about which words to avoid altogether. Each of the approximately 7,000 entries provides a definition, discusses the usage of the word, provides illustrative quotations, and gives citations to the references and quotations. This is an entertaining, witty, and unpretentious resource that will always come in handy in the public or academic library."----"Outstanding reference sources 2000", American Libraries, May 2000. Comp. by the Reference Sources Committee, RUSA, ALA.
650 #0 - KONU BAŞLIĞI EK GİRİŞ - KONU TERİMİ
Konusal terim veya coğrafi ad English language--United States--Usage--Dictionaries.
9 (RLIN) 11514
650 #0 - KONU BAŞLIĞI EK GİRİŞ - KONU TERİMİ
Konusal terim veya coğrafi ad Americanisms--Dictionaries.
9 (RLIN) 11515
907 ## - LOCAL DATA ELEMENT G, LDG (RLIN)
a Dil
942 ## - EK GİRİŞ ÖGELERİ (KOHA)
Source of classification or shelving scheme Library of Congress Classification
Koha item type Book
Holdings
Materyal Türü Kalıcı Konum Mevcut Konum Raf Yeri Koleksiyon Kodu Sınıflandırma Kaynağı Edinim Bilgisi Ana Konular Alt Konular Yer Numarası Demirbaş Numarası Fatura Tarihi Maliyet, Alış Fiyatı Maliyet, Yenileme Fiyatı Geri Çekilme Durumu Kayıp Durumu Hasarlı Durumu Kredi için değil Kayıt Tarih Toplam Ödünçverme Son Görülme Tarihi Son Kontrol Tarihi Genel / Bağış Notu
Danışma Kaynakları Prof. Dr. Azmi Özcan Kütüphanesi Prof. Dr. Azmi Özcan Kütüphanesi Birûni Salonu Referans Library of Congress Classification Bağış DİL VE EDEBİYAT İngiliz Dili PE2827 .G37 1998 0004669 13/08/2010 4.00 4.00       Ödünç verilmez 06/05/2009   05/12/2024 05/12/2024 Genel Bağış